Vplyv daňového systému na výšku príjmov verejných rozpočtov diplomová práca

Saved in:
Bibliographic Details
Main Author: Filanová, Simona
Corporate Author: Národohospodárska fakulta EU. Katedra financií
Other Authors: Schultzová, Anna
Format: Book
Language:Slovak
Published: Bratislava 2012
Tags: Add Tag
No Tags, Be the first to tag this record!

MARC

LEADER 00000nbm a2200000 4500
001 0152118
005 20161109102011.8
041 0 |a slo 
044 |a SK 
245 1 0 |a Vplyv daňového systému na výšku príjmov verejných rozpočtov  |b diplomová práca  |c Simona Filanová ; školiteľ: Anna Schultzová 
264 1 |a Bratislava  |c 2012 
300 |a 88 s. 
100 1 |a Filanová, Simona 
700 1 |a Schultzová, Anna 
710 2 |a Národohospodárska fakulta EU. Katedra financií